000 00314nam a22001337a 4500
008 190129b xxu||||| |||| 00| 0 eng d
020 _a9780534214982
041 _aeng
080 _a371
100 _a46
101 _aEDU
245 _aMaking Conncetions through reading and writing
_cGold,M.V
942 _2udc
_cBK
999 _c53821
_d53821